• 首页
  • 本馆介绍
  • 公告通知
  • 最新文献
  • 馆藏检索
  • 电子资源
  • 读者导购
  • 参考咨询
  • 我的图书馆
  • 登录
  • 详细信息显示
  • 放入我的书架
  • 预约/预借图书
  • 作者相关作品
  • 分类相关作品
  • 丛书相关作品
  • 出版社相关作品

书目信息

  • 表格格式
  • 工作单格式
  • 卡片格式
题名:
中国经济波动特征(1978-2009)与政策研究
    
 
作者: 刘方 著
分册:  
出版信息: 郑州   郑州大学出版社  2012.09
页数: 199页
开本: 24cm
丛书名:
单 册:
中图分类: F124.8
科图分类:
主题词: 经济周期波动--研究--中国--1978-2009 , 经济周期波动
电子资源:
ISBN: 978-7-5645-0439-7
000 00993nam0 2200253 450
001 0100500019119
005 20130504153225.00
010    @a978-7-5645-0439-7@dCNY25.00
100    @a20121119d2012 em y0chiy50 ea
101 0  @achi
102    @aCN@b410000
105    @aak z 001yy
106    @ar
200 1  @a中国经济波动特征(1978-2009)与政策研究@9zhong guo jing ji bo dong te zheng (1978-2009) yu zheng ce yan jiu@e基于实际经济周期理论@f刘方著
210    @a郑州@c郑州大学出版社@d2012.09
215    @a199页@c图@d24cm
330    @a本书主要内容分为三篇。上篇是关于实际经济周期(RBC)模型求解技术问题的介绍;中篇是做文献梳理和中国数据准备的工作;下篇是利用RBC模型讨论中国经济(1978-2009)波动的相关问题。
517 1  @a基于实际经济周期理论@9ji yu shi ji jing ji zhou qi li lun
606 0  @a经济周期波动@x研究@y中国@z1978-2009
606 0  @a经济周期波动
690    @aF124.8@v5
701  0 @a刘方@9liu fang@f(1977-)@4著
801  0 @aCN@bRENTIAN@c20121119
905    @b542547-51@dF124.8@e164@f5
    
    中国经济波动特征(1978-2009)与政策研究:基于实际经济周期理论/刘方著.-郑州:郑州大学出版社,2012.09
    199页:图;24cm
    
    
    ISBN 978-7-5645-0439-7:CNY25.00
    本书主要内容分为三篇。上篇是关于实际经济周期(RBC)模型求解技术问题的介绍;中篇是做文献梳理和中国数据准备的工作;下篇是利用RBC模型讨论中国经济(1978-2009)波动的相关问题。
●
相关链接 在E读中查询图书 在五车中查询图书 在当当中查询图书 在豆瓣中查询图书


正题名:中国经济波动特征(1978-2009)与政策研究     索取号:F124.8/164         预约/预借

序号 登录号 条形码 馆藏地/架位号 状态 备注
1 542547   205425477   第一样本阅览室/ [索取号:F124.8/164] 在馆    
2 542548   205425486   第一借阅区/ [索取号:F124.8/164] 在馆    
3 542549   205425495   第一借阅区/ [索取号:F124.8/164] 在馆    
4 542550   205425501   第一借阅区/ [索取号:F124.8/164] 在馆    
5 542551   205425510   第一借阅区/ [索取号:F124.8/164] 在馆    
唐山师范学院图书馆 欢迎您!
大连网信软件有限公司© 版权所有